Call the midwife. Season two [DVD/videorecording] ... Read More
Available copies
- 2 of 2 copies available at LARL/NWRL Consortium.
Current holds
0 current holds with 2 total copies.
Show Only Available Copies
| Location | Call Number / Copy Notes | Barcode | Shelving Location | Status | Due Date |
|---|---|---|---|---|---|
| Godel Memorial-Warren Library | DVD CAL (Text) | 35500005293624 | Main | Available | - |
| Karlstad LINK Site | DVD CAL (Text) | 35500005553449 | Main | Available | - |
Record details
- ISBN: 9786315032615
- Physical Description: 3 videodiscs (555 min.) : sd., col. ; 4 3/4 in.
- Publisher: London : BBC Worldwide ; 2013
Content descriptions
| General Note: | Title from container. Based on the book by Jennifer Worth. DVD extras: Wimples, babies and bicycles; cast members discuss giving birth to "Call the Midwife". |
| Participant or Performer Note: | Jessica Raine, Pam Ferris, Helen George, Judy ... Read More |
| Summary, etc.: | Season Two continues to follow Jenny and the other ... Read More |
| Target Audience Note: | Not rated. |
| System Details Note: | DVD, NTSC, region 1, full screen (16:9 enhanced); ... Read More |
| Language Note: | In English, with English subtitles for the deaf ... Read More |
Search for related items by subject
| Subject: | Poplar (London, England) > Drama. Midwives > England > London > Drama. Pregnant women > England > London > Drama. |
| Genre: | Historical television programs. Television series. Fiction television programs. Television adaptations. |
Search for related items by series
| LDR | 03620cgm a2200757Ia 4500 | ||
|---|---|---|---|
| 001 | 151117 | ||
| 003 | LARL_NWRL_CONSORTIUM | ||
| 005 | 20130716121043.0 | ||
| 007 | vd cvaizs | ||
| 008 | 130327s2013 enk555 vleng d | ||
| 020 | . | ‡a9786315032615 | |
| 024 | 1 | . | ‡a883929330454 |
| 035 | . | ‡a(OCoLC)832728812 | |
| 040 | . | ‡aLPU ‡cLPU ‡dGK8 ‡dTEF ‡dIK2 ‡dWIQ ‡dABG ‡dZS3 ‡dTXA ‡dIMD | |
| 041 | 0 | . | ‡aeng ‡jeng ‡heng |
| 044 | . | ‡acau ‡axxk | |
| 050 | 1 | 4. | ‡aPN1992.77 ‡b.C35 2013 |
| 082 | 0 | 4. | ‡a791.45/75 ‡223 |
| 245 | 1 | 0. | ‡aCall the midwife. ‡nSeason two ‡h[DVD/videorecording] / ‡ca Neal Street production for BBC ; written by Heidi Thomas ; directed by Philippa Lowthorpe, Jamie Payne. |
| 257 | . | ‡aGreat Britain. ‡2naf | |
| 260 | . | ‡aLondon : ‡bBBC Worldwide ; ‡aBurbank, CA : ‡bdistributed in the USA and Canada by Warner Home Video, ‡c2013 | |
| 300 | . | ‡a3 videodiscs (555 min.) : ‡bsd., col. ; ‡c4 3/4 in. | |
| 336 | . | ‡atwo-dimensional moving image ‡btdi ‡2rdacontent | |
| 337 | . | ‡avideo ‡bv ‡2rdamedia | |
| 338 | . | ‡avideodisc ‡bvd ‡2rdacarrier | |
| 344 | . | ‡adigital ‡boptical ‡gstereo | |
| 346 | . | ‡alaser optical, NTSC | |
| 347 | . | ‡avideo file ‡bDVD video ‡eRegion 1 ‡2rda | |
| 380 | . | ‡aTelevision program | |
| 490 | 0 | . | ‡aCall the midwife ; ‡vSeason 2. |
| 538 | . | ‡aDVD, NTSC, region 1, full screen (16:9 enhanced); Dolby Digital, stereo. | |
| 546 | . | ‡aIn English, with English subtitles for the deaf and hard of hearing. | |
| 500 | . | ‡aTitle from container. | |
| 511 | 1 | . | ‡aJessica Raine, Pam Ferris, Helen George, Judy Parfitt. |
| 500 | . | ‡aBased on the book by Jennifer Worth. | |
| 521 | 8 | . | ‡aNot rated. |
| 520 | . | ‡aSeason Two continues to follow Jenny and the other midwives as they deal with all the problems the neighborhood of Poplar has to throw at them. A fascinating portrayal of birth, life, death and a community on the brink of huge social change, Call the Midwife offers a gripping insight into a way of life that is so drastically different from how we live now. | |
| 500 | . | ‡aDVD extras: Wimples, babies and bicycles; cast members discuss giving birth to "Call the Midwife". | |
| 651 | 0. | ‡aPoplar (London, England) ‡vDrama. | |
| 650 | 0. | ‡aMidwives ‡zEngland ‡zLondon ‡vDrama. | |
| 650 | 0. | ‡aPregnant women ‡zEngland ‡zLondon ‡vDrama. | |
| 655 | 7. | ‡aHistorical television programs. ‡2lcgft ‡0(LARL_NWRL_CONSORTIUM)175692 | |
| 655 | 7. | ‡aTelevision series. ‡2lcgft ‡0(LARL_NWRL_CONSORTIUM)175797 | |
| 655 | 7. | ‡aFiction television programs. ‡2lcgft ‡0(LARL_NWRL_CONSORTIUM)175627 | |
| 655 | 7. | ‡aTelevision adaptations. ‡2lcgft ‡0(LARL_NWRL_CONSORTIUM)175702 | |
| 700 | 1 | . | ‡aThomas, Heidi, ‡d1967- ‡0(LARL_NWRL_CONSORTIUM)203161 |
| 700 | 1 | . | ‡aLowthorpe, Philippa. |
| 700 | 1 | . | ‡aPayne, Jamie. |
| 700 | 1 | . | ‡aWorth, Jennifer, ‡d1935-2011. ‡0(LARL_NWRL_CONSORTIUM)220955 |
| 700 | 1 | . | ‡aWorth, Jennifer, ‡d1935-2011. ‡tCall the midwife. |
| 700 | 1 | . | ‡aRaine, Jessica, ‡d1982- |
| 700 | 1 | . | ‡aFerris, Pam. ‡0(LARL_NWRL_CONSORTIUM)146859 |
| 700 | 1 | . | ‡aGeorge, Helen. |
| 700 | 1 | . | ‡aParfitt, Judy, ‡d1935- ‡0(LARL_NWRL_CONSORTIUM)97520 |
| 710 | 2 | . | ‡aNeal Street Productions. ‡0(LARL_NWRL_CONSORTIUM)198644 |
| 710 | 2 | . | ‡aBBC Worldwide Ltd. ‡0(LARL_NWRL_CONSORTIUM)145743 |
| 710 | 2 | . | ‡aWarner Home Video (Firm) ‡0(LARL_NWRL_CONSORTIUM)139520 |
| 710 | 2 | . | ‡aBritish Broadcasting Corporation. ‡bTelevision Service. ‡0(LARL_NWRL_CONSORTIUM)51108 |
| 948 | . | ‡hNO HOLDINGS IN LAL - 375 OTHER HOLDINGS | |
| 994 | . | ‡aZ0 ‡bLAL | |
| 901 | . | ‡a151117 ‡bOCLC ‡c151117 ‡tbiblio | |

Add to basket
Permalink
Disable Highlighting